000 00464nam a2200157 a 4500
001 000047524
005 20201002060603.0
008 180620s1971 dr a 000 spa d
040 _aDO-SdBNP
_bspa
_cBNPHU
082 _axxx
_bM358e
100 1 _aMarra de Alvárez, Gilda
_925482
245 0 _aEstatuario espiritual. /
_cGilda Marra de Alvárez.
260 _aSanto Domingo :
_bLa Salle,
_c1971.
300 _a106 p. :
_bil ;
_c25 cm.
590 _aInventariado,2018/DG
999 _c47012
_d47012